000 00416nam a2200145Ia 4500
008 230917s9999||||xx |||||||||||||| ||und||
040 _e95278
_aMAIN
041 _aEnglish
082 _a658.4092 J151L
100 _aJacobson, Ralph
245 0 _aLeading for a change: How to master the 5 challenges faced by every leader
260 _aBoston
_bButterworth Heinemann
_c2001
300 _axxii, 223 p.
942 _cBK
999 _c115438
_d115438